000 00656nam a2200265Ia 4500
005 20260121173029.0
008 008 260114s9999 xx 000 0 eng d
020 _a9789811632150
037 _aEBOOK
040 _aCRL
040 _beng
040 _cCRL
041 _2eng
041 _aeng
084 _qCRL
100 _aPramod Kumar Pandey, Janmejay Parhi
_91095779
245 0 _aAdvances in Fisheries Biotechnology
260 _bSpringer
260 _bSpringer
260 _c2021
856 _uhttps://link.springer.com/openurl?genre=book&isbn=978-981-16-3215-0
942 _cEBOOK
999 _c1661522
_d1661522